000 00821nam0a22002531 4500
001 rc\3032041
005 20250806201651.0
035 _a(NLR Aleph) 007172931
090 _a13483
_c13483
100 _a20111002d1942 u y0rusy50 ca
101 0 _arus
102 _aRU
105 _aa z |||||
200 1 _aМестные удобрения и их применение в Кировской области
_fпроф. И.И. Самойлов
210 _aКиров
_cОбл. изд-во
_d1942
215 _a67 с.
_cил.
_d22 см
700 1 _aСамойлов
_bИ.И.
_f-1958
_gИван Ильич
801 0 _aRU
_bNLR
_gpsbo
801 1 _aRU
_bELAR
_2rusmarc
852 _aNLR
_j63-6/13674
942 _cBOOK
945 _aРоссийская национальная библиотека
980 _aNB
980 _aBV